00773nam a22002415i 450000100060000000300090000600500170001500700030003200800410003502000180007604000220009408000190011610000350013524500490017025000120021926000360023130000210026749000330028883000380032185200330035999900170039295201220040910608ES-MaACL20231021062526.0t|941116s1994 sp ||||0| spa j a84-7223-437-1 aM-BN bspa cM-BN a860(85)-31"19"1 aRibeyro, Julio Ramón.99681910aCambio de guardia / cJulio Ramón Ribeyro. a1ª ed. aBarcelona : bTusquets, c1994. a307 p ; c21 cm.1 aColección Andanzas ; v21500aColección Andanzasv2159234359 aES-MaACLjL-17972 bR.123072 c10608d10608 00104070aATENEOMbATENEOMcDEPO2d2008-01-17eSCl0oL-17972p1010820r2023-02-23 00:00:00w2023-02-23yMONOGRAFIA